Honduras camina a elecciones: en medio de un creciente disgusto popular
Guardat en:
| Format: | Text |
|---|---|
| Matèries: | |
| Etiquetes: |
Afegir etiqueta
Sense etiquetes, Sigues el primer a etiquetar aquest registre!
|
MARC
| LEADER | 00000 a a2200000 04500 | ||
|---|---|---|---|
| 001 | 1511 | ||
| 003 | |||
| 040 | |||
| 245 | |a Honduras camina a elecciones: |b en medio de un creciente disgusto popular | ||
| 650 | |a MUSICA | ||
| 650 | |a ARTE | ||
| 650 | |a CAMPESINADO | ||
| 650 | |a AMERICA LATINA | ||
| 773 | |g número 4; páginas 28-30 | ||
| 999 | |c 32955 |d 32955 | ||
